[Event "X GRAN TORNEO INTERNACIONAL AFICIONADOS S-2300 "]
[Site "Benidorm (Alicante - SPAIN)"]
[Date "2011.12.07"]
[Round "7"]
[Board "1"]
[White "Voiteanu, Gabriel"]
[Black "Navarro, Ortiz De Ortuno Borja"]
[Result "0-1"]
[WhiteElo "2293"]
[BlackElo "2296"]
[PlyCount "126"]
[EventDate "2011.12.02"]
[EventRounds "10"]
[EventCountry "ESP"]

1. Nf3 d5 2. g3 Nf6 3. Bg2 c6 4. O-O Bf5 5. d4 h6 6. c4 e6 7. Qb3 Qb6 8. Nc3
Nbd7 9. Re1 Be7 10. c5 Qxb3 11. axb3 a6 12. b4 Rc8 13. Nd2 Bc2 14. e4 Nxe4 15.
Ndxe4 Bxe4 16. Nxe4 dxe4 17. Bxe4 Nf6 18. b5 Nxe4 19. bxc6 Nxc5 20. dxc5 Rxc6
21. b4 O-O 22. Rd1 Rd8 23. Rxd8+ Bxd8 24. Be3 Rc8 25. Rd1 Kf8 26. Rd7 Bc7 27.
Bf4 e5 28. Be3 Ke8 29. Rd1 Rd8 30. Rb1 Kd7 31. b5 axb5 32. Rxb5 Kc6 33. Rb1 f5
34. f4 e4 35. Kf2 Ra8 36. Rb2 Bd8 37. g4 g6 38. gxf5 gxf5 39. Ke2 Ra1 40. Kf2
Ra6 41. h3 Ra5 42. Ke2 h5 43. Rb4 Ra2+ 44. Kf1 Rh2 45. Ra4 Rxh3 46. Ke2 Rh2+
47. Kf1 Rh1+ 48. Kg2 Re1 49. Bf2 Re2 50. Kf1 Rb2 51. Ra3 h4 52. Rh3 Rb5 53. Ke2
Be7 54. Rc3 Bxc5 55. Bxh4 Rb2+ 56. Kf1 b6 57. Ke1 Kd5 58. Rc1 Rh2 59. Rd1+ Ke6
60. Bd8 e3 61. Rd3 Bb4+ 62. Kf1 e2+ 63. Kg1 e1=Q+ 0-1

[Event "X GRAN TORNEO INTERNACIONAL AFICIONADOS S-2300 "]
[Site "Benidorm (Alicante - SPAIN)"]
[Date "2011.12.07"]
[Round "7"]
[Board "1"]
[White "Inants, Aghasi"]
[Black "Vaarala, Eric"]
[Result "1-0"]
[WhiteElo "2288"]
[BlackElo "2226"]
[PlyCount "85"]
[EventDate "2011.12.02"]
[EventRounds "10"]
[EventCountry "ESP"]

1. e4 e6 2. d4 d5 3. Nc3 dxe4 4. Nxe4 Nf6 5. Nxf6+ Qxf6 6. Nf3 h6 7. Bd3 Bd6 8.
O-O Bd7 9. Re1 Nc6 10. Be4 O-O-O 11. c4 g5 12. c5 g4 13. cxd6 gxf3 14. dxc7
Rdg8 15. g3 h5 16. Be3 h4 17. Qxf3 Qxf3 18. Bxf3 hxg3 19. fxg3 Nb4 20. Re2 Kxc7
21. Bf4+ Kc8 22. Rc1+ Bc6 23. Bxc6 Nxc6 24. d5 exd5 25. Re7 Rh4 26. Rxf7 Kd8
27. Rxb7 Rxf4 28. Rxc6 Rg5 29. Rh6 Kc8 30. Rxa7 Kb8 31. Rd7 Rf8 32. Rhd6 Rgf5
33. Rd8+ Rxd8 34. Rxd8+ Kc7 35. Re8 Kd6 36. h4 d4 37. Kg2 Kc5 38. g4 Rf4 39.
Kg3 Rf1 40. h5 d3 41. Rd8 Kc4 42. h6 Rg1+ 43. Kf2 1-0

[Event "X GRAN TORNEO INTERNACIONAL AFICIONADOS S-2300 "]
[Site "Benidorm (Alicante - SPAIN)"]
[Date "2011.12.07"]
[Round "7"]
[Board "1"]
[White "Lapicki, Raul"]
[Black "San Emeterio Rubio, Jose"]
[Result "1/2-1/2"]
[WhiteElo "2237"]
[BlackElo "2025"]
[PlyCount "75"]
[EventDate "2011.12.02"]
[EventRounds "10"]
[EventCountry "ESP"]

1. e4 Nf6 2. d3 e5 3. Nf3 Nc6 4. g3 Be7 5. Bg2 d5 6. Nbd2 O-O 7. O-O Bg4 8. h3
Be6 9. exd5 Nxd5 10. Nc4 f6 11. Re1 Qd7 12. Kh2 Rad8 13. Qe2 Rfe8 14. c3 Bc5
15. Bf1 Bf7 16. Nfd2 f5 17. a4 a6 18. Nb3 Be7 19. Nba5 Nxa5 20. Nxa5 c6 21. Nc4
Bf6 22. Qf3 b5 23. axb5 axb5 24. Ne3 g6 25. Rd1 Nxe3 26. Bxe3 Bd5 27. Qe2 f4
28. Bc5 Bg5 29. Ra7 f3 30. Qe1 Qf5 31. Be3 e4 32. c4 Bxe3 33. Qxe3 exd3 34.
Bxd3 Qf8 35. Qb6 bxc4 36. Qb7 Qf7 37. Qa6 Qe6 38. Qb7 1/2-1/2

[Event "X GRAN TORNEO INTERNACIONAL AFICIONADOS S-2300 "]
[Site "Benidorm (Alicante - SPAIN)"]
[Date "2011.12.07"]
[Round "7"]
[Board "1"]
[White "Sanchez, Botella Luis Javier"]
[Black "Navarro Lopez-Menchero, Daniel"]
[Result "0-1"]
[WhiteElo "2221"]
[BlackElo "2230"]
[PlyCount "90"]
[EventDate "2011.12.02"]
[EventRounds "10"]
[EventCountry "ESP"]

1. c4 e5 2. Nc3 Nf6 3. g3 Nc6 4. Bg2 Bc5 5. e4 d6 6. h3 a6 7. Nge2 Be6 8. d3 h6
9. O-O O-O 10. Kh2 Nd7 11. g4 Qh4 12. Ng3 Nf6 13. f3 h5 14. Nd5 hxg4 15. Nxf6+
Qxf6 16. fxg4 Qe7 17. Nf5 Bxf5 18. exf5 Qh4 19. Bd2 Bf2 20. Qf3 Bd4 21. Rab1 a5
22. b3 Nb4 23. a3 Nc2 24. Rbc1 Nxa3 25. Be3 Rae8 26. Bxd4 exd4 27. Qf2 Qxf2 28.
Rxf2 b5 29. Ra1 b4 30. Be4 Re5 31. Kg3 Rc5 32. Kf4 c6 33. g5 d5 34. Ke5 dxe4+
35. Kd6 e3 36. Rf4 Nc2 37. Rc1 e2 38. Kxc5 e1=Q 39. Rxe1 Nxe1 40. Rxd4 Nc2 41.
Rd7 a4 42. bxa4 Rb8 43. a5 b3 44. a6 b2 45. Rb7 Rxb7 0-1

[Event "X GRAN TORNEO INTERNACIONAL AFICIONADOS S-2300 "]
[Site "Benidorm (Alicante - SPAIN)"]
[Date "2011.12.07"]
[Round "7"]
[Board "1"]
[White "Villuendas Valero, Adrian"]
[Black "Sanchez Aller, Fernando"]
[Result "1-0"]
[WhiteElo "2267"]
[BlackElo "2300"]
[PlyCount "123"]
[EventDate "2011.12.02"]
[EventRounds "10"]
[EventCountry "ESP"]

1. d4 Nf6 2. Bg5 Ne4 3. Bf4 c5 4. f3 Qa5+ 5. c3 Nf6 6. Nd2 cxd4 7. Nb3 Qf5 8.
Bxb8 Rxb8 9. Qxd4 b6 10. e4 Qf4 11. Nh3 Qc7 12. e5 Ng8 13. Ng5 f6 14. exf6 gxf6
15. Ne4 Qe5 16. O-O-O Qxd4 17. Nxd4 a6 18. Bc4 b5 19. Bb3 Rb6 20. Rhe1 h5 21.
Nf5 Kd8 22. Nc5 Nh6 23. Ne6+ Rxe6 24. Bxe6 Kc7 25. Nd4 dxe6 26. Nxe6+ Bxe6 27.
Rxe6 Nf7 28. Rxa6 Nd6 29. a4 Bh6+ 30. Kb1 Rb8 31. Ra7+ Kd8 32. axb5 Be3 33. Ra5
Ke8 34. Kc2 Bf4 35. Ra4 Bxh2 36. Rh1 Bg3 37. Rxh5 Rxb5 38. Rxb5 Nxb5 39. Kd3
Nc7 40. Rg4 Bd6 41. g3 Ne6 42. f4 f5 43. Rh4 Nc5+ 44. Kd4 Ne4 45. g4 Nd2 46.
Kd3 Nf1 47. gxf5 Ng3 48. Rh3 Bxf4 49. b4 Bd6 50. c4 Nxf5 51. c5 Bc7 52. Ke4 e6
53. Rh7 Ne7 54. Kd4 Kd7 55. b5 Ba5 56. Kc4 Bd8 57. b6 Kc6 58. Rh6 Kd7 59. Kb5
Nc6 60. Rh7+ Be7 61. b7 Kc7 62. b8=Q+ 1-0

[Event "X GRAN TORNEO INTERNACIONAL AFICIONADOS S-2300 "]
[Site "Benidorm (Alicante - SPAIN)"]
[Date "2011.12.07"]
[Round "7"]
[Board "1"]
[White "Bas Mas, Jose Joaquin"]
[Black "Moreno Gracia, Daniel"]
[Result "0-1"]
[WhiteElo "2214"]
[BlackElo "2298"]
[PlyCount "72"]
[EventDate "2011.12.02"]
[EventRounds "10"]
[EventCountry "ESP"]

1. e4 c5 2. Nf3 Nc6 3. d4 cxd4 4. Nxd4 e6 5. Nc3 Qc7 6. Be2 a6 7. Be3 b5 8. O-O
Bb7 9. a3 Be7 10. f4 Rc8 11. Nb3 d6 12. Bf3 Nf6 13. g4 O-O 14. g5 Nd7 15. Bg2
Na5 16. Nxa5 Qxa5 17. Rf3 Rxc3 18. bxc3 Bxe4 19. Rf2 Bxg2 20. Rxg2 Qxc3 21. Qd4
Rc8 22. Re2 Qxd4 23. Bxd4 Rc4 24. c3 g6 25. Kg2 d5 26. Kf3 Bc5 27. Bxc5 Nxc5
28. Re3 Na4 29. Rc1 d4 30. Rd3 dxc3 31. Rd8+ Kg7 32. Rc2 Nb6 33. Rd6 Nd5 34.
Rxa6 Rxf4+ 35. Kg3 Rf5 36. h4 b4 0-1

[Event "X GRAN TORNEO INTERNACIONAL AFICIONADOS S-2300 "]
[Site "Benidorm (Alicante - SPAIN)"]
[Date "2011.12.07"]
[Round "7"]
[Board "1"]
[White "Garcia Trobat, Francisco"]
[Black "Lanza, Luciano"]
[Result "1/2-1/2"]
[WhiteElo "2291"]
[BlackElo "2178"]
[PlyCount "57"]
[EventDate "2011.12.02"]
[EventRounds "10"]
[EventCountry "ESP"]

1. d4 Nf6 2. Nf3 g6 3. c4 Bg7 4. Nc3 O-O 5. e4 d6 6. Be2 e5 7. O-O Nc6 8. d5
Ne7 9. Ne1 Nd7 10. Be3 f5 11. f3 f4 12. Bf2 g5 13. g4 fxg3 14. hxg3 Nf6 15. Ng2
h5 16. c5 a6 17. cxd6 cxd6 18. Ne3 h4 19. g4 Ng6 20. Kh2 Nf4 21. Rc1 Rf7 22.
Qd2 Bd7 23. Nc4 Qe7 24. Nb6 Raf8 25. Nxd7 Nxd7 26. Bg1 Qf6 27. Be3 Qd8 28. Bg1
Qf6 29. Be3 1/2-1/2

[Event "X GRAN TORNEO INTERNACIONAL AFICIONADOS S-2300 "]
[Site "Benidorm (Alicante - SPAIN)"]
[Date "2011.12.07"]
[Round "7"]
[Board "1"]
[White "Ferrer Sanchez, Pedro Jesus"]
[Black "Rogac, Srdjan"]
[Result "1/2-1/2"]
[WhiteElo "2156"]
[BlackElo "2287"]
[PlyCount "75"]
[EventDate "2011.12.02"]
[EventRounds "10"]
[EventCountry "ESP"]

1. e4 c5 2. Nf3 Nc6 3. Bb5 g6 4. O-O Bg7 5. c3 Nf6 6. e5 Nd5 7. d4 cxd4 8. cxd4
O-O 9. Nc3 Nxc3 10. bxc3 d5 11. exd6 exd6 12. Bf4 a6 13. Bd3 d5 14. Qd2 Bg4 15.
Ne5 Nxe5 16. Bxe5 f6 17. Bf4 Rc8 18. Rfe1 Qd7 19. h3 Bf5 20. Bxf5 Qxf5 21. Re7
Rf7 22. Rae1 Bf8 23. g4 Qxf4 24. Qxf4 Rxe7 25. Rxe7 Bxe7 26. Qf3 Rd8 27. h4 b5
28. h5 Kf7 29. Qd3 Rc8 30. a4 bxa4 31. Qxa6 Rxc3 32. Qxa4 Rc4 33. Qa8 Rxd4 34.
Qh8 Rxg4+ 35. Kf1 gxh5 36. Qxh7+ Ke6 37. Qxh5 Rc4 38. Qe2+ 1/2-1/2

[Event "X GRAN TORNEO INTERNACIONAL AFICIONADOS S-2300 "]
[Site "Benidorm (Alicante - SPAIN)"]
[Date "2011.12.07"]
[Round "7"]
[Board "1"]
[White "Recuero Guerra, Javier"]
[Black "Muratet Casadevall, Albert"]
[Result "0-1"]
[WhiteElo "2282"]
[BlackElo "2164"]
[PlyCount "92"]
[EventDate "2011.12.02"]
[EventRounds "10"]
[EventCountry "ESP"]

1. d4 Nf6 2. Nf3 g6 3. g3 Bg7 4. Bg2 O-O 5. O-O d6 6. Re1 Nc6 7. e4 Bg4 8. h3
Bxf3 9. Bxf3 Nd7 10. c3 e5 11. dxe5 Ncxe5 12. Bg2 Nc5 13. Be3 Nc4 14. Bc1 a5
15. Bf1 Nb6 16. Be3 Nbd7 17. Nd2 Re8 18. Qc2 Rb8 19. a4 Nf6 20. Bg2 Nfd7 21.
Nc4 Ra8 22. f4 Qe7 23. Bf2 Qe6 24. Nd2 Rab8 25. Kh2 Qe7 26. Nc4 Ra8 27. Na3 Qe6
28. Nb5 Na6 29. e5 d5 30. Nd4 Qe7 31. Bxd5 c6 32. Ba2 Ndc5 33. f5 gxf5 34. Nxf5
Qg5 35. Nd6 Re7 36. Nxf7 Rxf7 37. Bxf7+ Kxf7 38. Bxc5 Nxc5 39. Qf2+ Ke6 40.
Qxc5 Bxe5 41. Re3 Rd8 42. Rae1 Rd2+ 43. Kh1 Rd5 44. Qc4 Kf6 45. Kg2 Rd2+ 46.
R1e2 Qxe3 0-1

[Event "X GRAN TORNEO INTERNACIONAL AFICIONADOS S-2300 "]
[Site "Benidorm (Alicante - SPAIN)"]
[Date "2011.12.07"]
[Round "7"]
[Board "1"]
[White "Seletsky, Grigory"]
[Black "Budisin, Stanislav"]
[Result "1-0"]
[WhiteElo "2280"]
[BlackElo "2120"]
[PlyCount "63"]
[EventDate "2011.12.02"]
[EventRounds "10"]
[EventCountry "ESP"]

1. e4 c5 2. Nc3 e6 3. f4 Nc6 4. Nf3 a6 5. a4 Nge7 6. d4 cxd4 7. Nxd4 Nxd4 8.
Qxd4 Nc6 9. Qf2 Bb4 10. Bd2 Qa5 11. Bd3 d6 12. O-O Bd7 13. Kh1 O-O-O 14. Nb1
Bxd2 15. Nxd2 d5 16. c3 Qc7 17. exd5 exd5 18. Nb3 h5 19. Nd4 Nxd4 20. Qxd4 g6
21. b4 h4 22. h3 Kb8 23. b5 a5 24. b6 Qd6 25. c4 Rc8 26. cxd5 Rh5 27. Be4 Rc5
28. Rac1 Rxc1 29. Rxc1 Qxf4 30. Qc3 f6 31. Bf3 Rf5 32. Qc5 1-0

[Event "X GRAN TORNEO INTERNACIONAL AFICIONADOS S-2300 "]
[Site "Benidorm (Alicante - SPAIN)"]
[Date "2011.12.07"]
[Round "7"]
[Board "1"]
[White "Lillo Castay, Victor"]
[Black "Suarez Roa, Jose Francisco"]
[Result "1/2-1/2"]
[WhiteElo "2289"]
[BlackElo "2153"]
[PlyCount "52"]
[EventDate "2011.12.02"]
[EventRounds "10"]
[EventCountry "ESP"]

1. e4 e5 2. Nf3 Nc6 3. Bb5 g6 4. d4 exd4 5. Bg5 Be7 6. Bxe7 Qxe7 7. O-O Qc5 8.
Qd3 Nge7 9. Nbd2 a6 10. Bxc6 Nxc6 11. Nb3 Qb6 12. Nfxd4 Nxd4 13. Nxd4 d6 14. b3
O-O 15. Kh1 f5 16. Qc4+ Kg7 17. exf5 Bxf5 18. Rae1 Rae8 19. Nxf5+ gxf5 20. Qc3+
Kg8 21. Qg3+ Kh8 22. Qh4 Qb5 23. c4 Qd7 24. Qd4+ Qg7 25. Qxg7+ Kxg7 26. Kg1 Kf6
1/2-1/2

[Event "X GRAN TORNEO INTERNACIONAL AFICIONADOS S-2300 "]
[Site "Benidorm (Alicante - SPAIN)"]
[Date "2011.12.07"]
[Round "7"]
[Board "1"]
[White "Gromovs, Sergejs"]
[Black "Tscharotschkin, Michael"]
[Result "1-0"]
[WhiteElo "2275"]
[BlackElo "2202"]
[PlyCount "28"]
[EventDate "2011.12.02"]
[EventRounds "10"]
[EventCountry "ESP"]

1. d4 d5 2. c4 c6 3. Nf3 e6 4. e3 f5 5. g3 Nf6 6. Bg2 Bd6 7. O-O O-O 8. b3 Qe7
9. a4 Na6 10. Ba3 Bxa3 11. Nxa3 Nb4 12. Nc2 a5 13. Nxb4 Qxb4 14. c5 b6 {
irreproducible} 1-0

[Event "X GRAN TORNEO INTERNACIONAL AFICIONADOS S-2300 "]
[Site "Benidorm (Alicante - SPAIN)"]
[Date "2011.12.07"]
[Round "7"]
[Board "1"]
[White "Accattato Martin, Mario"]
[Black "Barbero Senidic, Alejandro"]
[Result "0-1"]
[WhiteElo "2185"]
[BlackElo "2269"]
[PlyCount "45"]
[EventDate "2011.12.02"]
[EventRounds "10"]
[EventCountry "ESP"]

1. e4 e6 2. Nf3 d5 3. Nc3 Nf6 4. e5 Nfd7 5. d4 c5 6. dxc5 Nc6 7. Bf4 Nxc5 8. h4
Qa5 9. Qd2 Bd7 10. a3 O-O-O 11. Rb1 d4 12. Nxd4 Nxd4 13. Qxd4 Ba4 14. Qe3 Bxc2
15. b4 Qxa3 16. bxc5 Bxc5 17. Qf3 Bxb1 18. Nxb1 Bb4+ 19. Bd2 Qxf3 20. gxf3 Rxd2
21. Nxd2 Rd8 22. Bc4 Rxd2 23. O-O 0-1

[Event "X GRAN TORNEO INTERNACIONAL AFICIONADOS S-2300 "]
[Site "Benidorm (Alicante - SPAIN)"]
[Date "2011.12.07"]
[Round "7"]
[Board "1"]
[White "Martin Alvarez, Inigo"]
[Black "Sos, Andreu Eric"]
[Result "1/2-1/2"]
[WhiteElo "2262"]
[BlackElo "2070"]
[PlyCount "49"]
[EventDate "2011.12.02"]
[EventRounds "10"]
[EventCountry "ESP"]

1. e4 e6 2. d4 d5 3. Nd2 dxe4 4. Nxe4 Nd7 5. Nf3 Ngf6 6. Nxf6+ Nxf6 7. Bd3 c5
8. dxc5 Bxc5 9. O-O O-O 10. Bg5 b6 11. Qe2 Bb7 12. Rad1 Qc7 13. Ne5 Be7 14.
Rfe1 Rad8 15. Qe3 Nh5 16. Qh3 Bxg5 17. Qxh5 h6 18. h4 Bf6 19. Ng4 Bxb2 20.
Nxh6+ gxh6 21. Qxh6 f6 22. Bc4 Qxc4 23. Qg6+ Kh8 24. Qh6+ Kg8 25. Qg6+ 1/2-1/2

[Event "X GRAN TORNEO INTERNACIONAL AFICIONADOS S-2300 "]
[Site "Benidorm (Alicante - SPAIN)"]
[Date "2011.12.07"]
[Round "7"]
[Board "1"]
[White "Garcia Amoros, Pablo"]
[Black "Cantero, Antonio"]
[Result "1-0"]
[WhiteElo "2178"]
[BlackElo "2258"]
[PlyCount "35"]
[EventDate "2011.12.02"]
[EventRounds "10"]
[EventCountry "ESP"]

1. e4 e5 2. Nf3 Nc6 3. Bb5 a6 4. Bxc6 dxc6 5. O-O Bd6 6. d4 Bg4 7. dxe5 Bxf3 8.
Qxf3 Bxe5 9. Nd2 Qh4 10. g3 Qh3 11. Nc4 Qe6 12. Nxe5 Qxe5 13. Bf4 Qe7 14. Rad1
Nf6 15. Bg5 h6 16. e5 hxg5 17. exf6 Qxf6 18. Qa3 1-0

[Event "X GRAN TORNEO INTERNACIONAL AFICIONADOS S-2300 "]
[Site "Benidorm (Alicante - SPAIN)"]
[Date "2011.12.07"]
[Round "7"]
[Board "1"]
[White "Garcia Lopez, Miguel Angel"]
[Black "Parals Marce, Luis"]
[Result "1-0"]
[WhiteElo "2232"]
[BlackElo "2007"]
[PlyCount "43"]
[EventDate "2011.12.02"]
[EventRounds "10"]
[EventCountry "ESP"]

1. e4 e6 2. d4 d5 3. Nc3 Nf6 4. Bg5 dxe4 5. Nxe4 Be7 6. Bxf6 gxf6 7. Nf3 b6 8.
Bb5+ c6 9. Bd3 Qc7 10. Qd2 f5 11. Ng3 Nd7 12. Nh5 h6 13. Qc3 Rg8 14. d5 a5 15.
O-O-O Bb4 16. Qxc6 Qxc6 17. dxc6 Nb8 18. Nf6+ Kf8 19. Nxg8 Kxg8 20. Bb5 Na6 21.
Rd8+ Kg7 22. Bxa6 1-0

[Event "X GRAN TORNEO INTERNACIONAL AFICIONADOS S-2300 "]
[Site "Benidorm (Alicante - SPAIN)"]
[Date "2011.12.07"]
[Round "7"]
[Board "1"]
[White "Carrascoso Morales, Abel"]
[Black "Tejero Royo, Fermin"]
[Result "1-0"]
[WhiteElo "2256"]
[BlackElo "2120"]
[PlyCount "57"]
[EventDate "2011.12.02"]
[EventRounds "10"]
[EventCountry "ESP"]

1. d4 d5 2. c4 e6 3. Nf3 Nf6 4. g3 Be7 5. Bg2 Nbd7 6. O-O b6 7. Ne5 Bb7 8. Qa4
O-O 9. Nc6 Qe8 10. Nc3 Nb8 11. Nxe7+ Qxe7 12. Bg5 Qd6 13. Bxf6 gxf6 14. cxd5
exd5 15. Rac1 a6 16. e4 Nd7 17. exd5 Kh8 18. Qc2 b5 19. Qf5 Rg8 20. Ne4 Qxd5
21. Qxd5 Bxd5 22. Rxc7 Rgd8 23. Nd6 Bxg2 24. Kxg2 Kg8 25. Re1 Nf8 26. Nxf7 Rxd4
27. Nh6+ Kh8 28. Ree7 Rd5 29. g4 1-0

[Event "X GRAN TORNEO INTERNACIONAL AFICIONADOS S-2300 "]
[Site "Benidorm (Alicante - SPAIN)"]
[Date "2011.12.07"]
[Round "7"]
[Board "1"]
[White "Arboledas Fernandez, Antonio A"]
[Black "Hristodorescu, Daniel"]
[Result "1-0"]
[WhiteElo "2137"]
[BlackElo "2219"]
[PlyCount "57"]
[EventDate "2011.12.02"]
[EventRounds "10"]
[EventCountry "ESP"]

1. e4 c6 2. d4 d5 3. Nc3 g6 4. Be3 Bg7 5. e5 a6 6. f4 b5 7. Nf3 Bg4 8. h3 Bxf3
9. Qxf3 e6 10. Bd3 h5 11. O-O Nh6 12. Nd1 Nf5 13. Bf2 Bf8 14. c3 Be7 15. Ne3
Nd7 16. b3 Qa5 17. Rfc1 h4 18. a4 b4 19. cxb4 Qxb4 20. Rxc6 Qxb3 21. Nxf5 gxf5
22. Rc7 Qb6 23. Rac1 Bd8 24. R7c6 Qb3 25. Rd6 Qxa4 26. Bxf5 exf5 27. Qxd5 Rb8
28. e6 Be7 29. Rxd7 1-0

[Event "X GRAN TORNEO INTERNACIONAL AFICIONADOS S-2300 "]
[Site "Benidorm (Alicante - SPAIN)"]
[Date "2011.12.07"]
[Round "7"]
[Board "1"]
[White "Murcia Paredes, Angel"]
[Black "Ruiz Marana, Alejandro"]
[Result "1/2-1/2"]
[WhiteElo "2134"]
[BlackElo "2195"]
[PlyCount "48"]
[EventDate "2011.12.02"]
[EventRounds "10"]
[EventCountry "ESP"]

1. e4 Nf6 2. e5 Nd5 3. d4 d6 4. c4 Nb6 5. exd6 exd6 6. Nc3 Be7 7. Bd3 O-O 8.
Nge2 Bg4 9. Be3 Bh5 10. Qc2 Bg6 11. Bxg6 hxg6 12. b3 N8d7 13. a4 c6 14. a5 Nc8
15. a6 Rb8 16. O-O Re8 17. h3 Bg5 18. axb7 Rxb7 19. d5 c5 20. Bxg5 Qxg5 21. Ng3
Nf6 22. Rfe1 Rbe7 23. Rxe7 Rxe7 24. Kf1 Qe5 1/2-1/2

[Event "X GRAN TORNEO INTERNACIONAL AFICIONADOS S-2300 "]
[Site "Benidorm (Alicante - SPAIN)"]
[Date "2011.12.07"]
[Round "7"]
[Board "1"]
[White "Paya Prats, Damian"]
[Black "Martinez Tormo, Jorge"]
[Result "1/2-1/2"]
[WhiteElo "2028"]
[BlackElo "2162"]
[PlyCount "48"]
[EventDate "2011.12.02"]
[EventRounds "10"]
[EventCountry "ESP"]

1. d4 d5 2. c4 e6 3. Nc3 f5 4. Nf3 c6 5. g3 Nf6 6. Bg2 Bd6 7. O-O O-O 8. Bg5 h6
9. Bxf6 Qxf6 10. e3 Nd7 11. Nd2 Qf7 12. c5 Bc7 13. f4 Nf6 14. Nf3 Qh5 15. Ne5
Qxd1 16. Raxd1 Bd7 17. Rb1 Bxe5 18. fxe5 Ne4 19. Nxe4 fxe4 20. Rxf8+ Kxf8 21.
Kf2 b6 22. b4 Rb8 23. Rb3 bxc5 24. bxc5 Rxb3 1/2-1/2

[Event "X GRAN TORNEO INTERNACIONAL AFICIONADOS S-2300 "]
[Site "Benidorm (Alicante - SPAIN)"]
[Date "2011.12.07"]
[Round "7"]
[Board "1"]
[White "Montalban, Galvez Antoni"]
[Black "Aymerich Rosell, Pablo"]
[Result "1-0"]
[WhiteElo "2207"]
[BlackElo "2063"]
[PlyCount "49"]
[EventDate "2011.12.02"]
[EventRounds "10"]
[EventCountry "ESP"]

1. Nf3 Nf6 2. c4 g6 3. g3 Bg7 4. Bg2 O-O 5. O-O d6 6. d4 Nc6 7. Nc3 a6 8. h3
Rb8 9. e4 b5 10. cxb5 axb5 11. e5 dxe5 12. dxe5 Qxd1 13. Rxd1 Nd7 14. Be3 Nb6
15. Bxb6 cxb6 16. Nd5 e6 17. Rac1 Nxe5 18. Ne7+ Kh8 19. Nxe5 Bxe5 20. Nc6 Bc7
21. Nxb8 Bxb8 22. Rc6 Ba7 23. Rdc1 Ba6 24. Bf1 Rd8 25. a4 1-0

[Event "X GRAN TORNEO INTERNACIONAL AFICIONADOS S-2300 "]
[Site "Benidorm (Alicante - SPAIN)"]
[Date "2011.12.07"]
[Round "7"]
[Board "1"]
[White "Planells Roig, Jose"]
[Black "Monmeneu Chulia, Victor"]
[Result "1/2-1/2"]
[WhiteElo "2098"]
[BlackElo "2158"]
[PlyCount "41"]
[EventDate "2011.12.02"]
[EventRounds "10"]
[EventCountry "ESP"]

1. e4 e5 2. d4 Nc6 3. Nf3 exd4 4. c3 d5 5. exd5 Qxd5 6. cxd4 Bg4 7. Be2 Bb4+ 8.
Nc3 Bxf3 9. Bxf3 Qc4 10. Bxc6+ bxc6 11. Qe2+ Qxe2+ 12. Kxe2 Ne7 13. Be3 Kd7 14.
Rhd1 Nd5 15. Kd3 Rab8 16. Nxd5 cxd5 17. Rac1 Bd6 18. Rc2 Rhe8 19. g3 Rb5 20.
Rdd2 Ra5 21. b3 1/2-1/2

[Event "X GRAN TORNEO INTERNACIONAL AFICIONADOS S-2300 "]
[Site "Benidorm (Alicante - SPAIN)"]
[Date "2011.12.07"]
[Round "7"]
[Board "1"]
[White "Martin Martin, Luis Vicente"]
[Black "Gonzalez Mateos, Rafael"]
[Result "1/2-1/2"]
[WhiteElo "2059"]
[BlackElo "2145"]
[PlyCount "24"]
[EventDate "2011.12.02"]
[EventRounds "10"]
[EventCountry "ESP"]

1. d4 Nf6 2. Nf3 e6 3. Bf4 c5 4. e3 Nc6 5. c3 Qb6 6. Qb3 d5 7. Nbd2 Be7 8. Qxb6
axb6 9. Bc7 Bd8 10. Bd6 Be7 11. Bc7 Bd8 12. Bd6 Be7 1/2-1/2

[Event "X GRAN TORNEO INTERNACIONAL AFICIONADOS S-2300 "]
[Site "Benidorm (Alicante - SPAIN)"]
[Date "2011.12.07"]
[Round "7"]
[Board "1"]
[White "Cardenas Serrano, Sergio"]
[Black "Nicolas Zapata, Javier"]
[Result "1/2-1/2"]
[WhiteElo "2127"]
[BlackElo "2014"]
[PlyCount "46"]
[EventDate "2011.12.02"]
[EventRounds "10"]
[EventCountry "ESP"]

1. d4 Nf6 2. c4 e6 3. Nc3 Bb4 4. Qc2 O-O 5. a3 Bxc3+ 6. Qxc3 d5 7. Bg5 h6 8.
Bh4 dxc4 9. Qxc4 b6 10. Bg3 Ba6 11. Qa4 Qd7 12. Qxd7 Nbxd7 13. b4 c5 14. dxc5
bxc5 15. Nf3 Ne4 16. e3 Bxf1 17. Rxf1 Rfc8 18. Nd2 Nxg3 19. hxg3 Rab8 20. Ke2
cxb4 21. axb4 Rxb4 22. Rxa7 Ne5 23. Ra2 Rcb8 1/2-1/2

[Event "X GRAN TORNEO INTERNACIONAL AFICIONADOS S-2300 "]
[Site "Benidorm (Alicante - SPAIN)"]
[Date "2011.12.07"]
[Round "7"]
[Board "1"]
[White "Navarrete Espi, Samuel"]
[Black "Garcia De Lomas Guerrero, Carlo"]
[Result "1-0"]
[WhiteElo "2107"]
[BlackElo "1976"]
[PlyCount "61"]
[EventDate "2011.12.02"]
[EventRounds "10"]
[EventCountry "ESP"]

1. e4 e6 2. d4 d5 3. Nc3 Nf6 4. e5 Nfd7 5. f4 c5 6. Nf3 Nc6 7. Be3 Qb6 8. Na4
Qa5+ 9. c3 cxd4 10. b4 Nxb4 11. cxb4 Bxb4+ 12. Bd2 Bxd2+ 13. Nxd2 O-O 14. Bd3
b5 15. Nb2 Nb6 16. O-O Nc4 17. Bxh7+ Kxh7 18. Qh5+ Kg8 19. Nf3 f6 20. Nxc4 bxc4
21. exf6 Qc7 22. fxg7 Qxg7 23. Ne5 Rf5 24. Qh4 Qf6 25. Qg3+ Qg7 26. Qh3 Qh7 27.
Qa3 Qh6 28. Rf3 Qf8 29. Rg3+ Kh7 30. Rh3+ Kg7 31. Qg3+ 1-0

[Event "X GRAN TORNEO INTERNACIONAL AFICIONADOS S-2300 "]
[Site "Benidorm (Alicante - SPAIN)"]
[Date "2011.12.07"]
[Round "7"]
[Board "1"]
[White "Roche Simon, Manuel Angel"]
[Black "Sanchiz Marti, Josep Miquel"]
[Result "1-0"]
[WhiteElo "2174"]
[BlackElo "1986"]
[PlyCount "47"]
[EventDate "2011.12.02"]
[EventRounds "10"]
[EventCountry "ESP"]

1. e4 c5 2. Nf3 d6 3. d4 cxd4 4. Nxd4 Nf6 5. Nc3 e6 6. Bc4 Be7 7. Bb3 O-O 8.
Be3 Nc6 9. Rg1 Bd7 10. g4 Nxd4 11. Bxd4 Bc6 12. f3 Nd7 13. Qe2 Nc5 14. O-O-O
Nxb3+ 15. cxb3 Qa5 16. Kb1 b5 17. Qd2 Qc7 18. Rc1 Qb7 19. Ne2 Rfc8 20. Ng3 Be8
21. Rxc8 Rxc8 22. Bxg7 Kxg7 23. Nf5+ exf5 24. gxf5+ 1-0

[Event "X GRAN TORNEO INTERNACIONAL AFICIONADOS S-2300 "]
[Site "Benidorm (Alicante - SPAIN)"]
[Date "2011.12.07"]
[Round "7"]
[Board "1"]
[White "Alvarez Escudero, Manuel"]
[Black "Permuy Lorenzo, Carlos Javier"]
[Result "0-1"]
[WhiteElo "1835"]
[BlackElo "2290"]
[PlyCount "70"]
[EventDate "2011.12.02"]
[EventRounds "10"]
[EventCountry "ESP"]

1. e4 c5 2. Nf3 g6 3. c3 d5 4. exd5 Qxd5 5. d4 cxd4 6. Qxd4 Nf6 7. Bc4 Qxd4 8.
Nxd4 a6 9. Bf4 Bg7 10. Nd2 Nbd7 11. N2f3 O-O 12. O-O-O b5 13. Bb3 Bb7 14. Rhe1
Rfe8 15. Ng5 Nd5 16. Ne2 e6 17. f3 Nc5 18. Bc2 Nxf4 19. Nxf4 Bh6 20. h4 f6 21.
b4 fxg5 22. bxc5 gxh4 23. Be4 Bxf4+ 24. Kc2 Bxe4+ 25. Rxe4 g5 26. Rd7 Rac8 27.
Ra7 Rxc5 28. Rxa6 Rec8 29. c4 Rxc4+ 30. Rxc4 Rxc4+ 31. Kd3 Ra4 32. Rxe6 Rxa2
33. Rb6 Rxg2 34. Rxb5 h3 35. Ke4 h2 0-1